La reina de Rapa Nui

Shranjeno v:
Bibliografske podrobnosti
Glavni avtor: Prado, Pedro (Author)
Format: Knjiga
Jezik:španščina
Izdano: Santiago Nascimento 1962
Izdaja:3a. ed
Teme:
Oznake: Označite
Brez oznak, prvi označite!

MARC

LEADER 00000nam a2200000 a 4500
001 UCQ2326
003 CL-VaPUC
008 980724e19620000CL |||||||||||||||||spa|d
082 0 4 |a Ch863  |b PRA  |2 21 
100 0 |a Prado, Pedro  |e author  |9 315575 
245 1 3 |a La reina de Rapa Nui 
250 |a 3a. ed 
300 |a 169 p 
942 |c BK 
945 |d 19980724 00:00:00  |a lriquelm 
260 |a Santiago  |b Nascimento  |c 1962 
650 0 |a Novelas chilenas   |9 265425 
650 0 |a Literatura chilena   |9 308278 
583 |a last modification  |c 20160602 17:24:07  |k Rodrigo Vera 
999 |c 273157  |d 273155 
952 |0 0  |1 0  |4 0  |6 CH_863_000000000000000_PRA_1962  |7 0  |8 A  |9 308511  |a BIBEDU  |b BIBEDU  |d 2019-11-20  |i 1446711  |o Ch863 PRA 1962  |p 1446711  |r 2019-11-20  |w 2019-11-20  |y BK  |k LIT